000 00879nam a22002777a 4500
001 9014
003 FISKH
005 20251118084429.0
008 251114b cb ||||| |||| 00| 0 eng d
020 _a9781556613760
040 _aFISKH
_beng
_cFISKH
_dFISKH
050 _aPZ7.E4794 I
082 _a813.54
100 _aElmer, Robert
_eAuthor
245 _aInto the flames /
_cby Robert Elmer
260 _aMinnesita :
_bBethany House ,
_c1995
300 _a192 pages :
_bmap ;
_c21 cm
505 _aR
520 _aTheir work delivering newspapers for the Danish underground lands twins Peter and Elise in a Nazi prison where they experience firsthand the importance of faith.
521 8 _a700
_bLexile estimate
521 8 _aR
_bRaz-Plus
650 _aChristian fiction
_vWWII
700 _aEllison, Chris
_dillustrator
942 _2ddc
_cBK
_n0
999 _c9014
_d9014